Online Catalogue and eLibrary

Gandhian thought, Marxist interpretation / (Record no. 422)

MARC details
000 -LEADER
fixed length control field 00525cam a2200193 a 4500
001 - CONTROL NUMBER
control field 1084451
005 - DATE AND TIME OF LATEST TRANSACTION
control field 20240219000511.0
008 - FIXED-LENGTH DATA ELEMENTS--GENERAL INFORMATION
fixed length control field 911206s1991 ii b 001 0 eng
020 ## - INTERNATIONAL STANDARD BOOK NUMBER
ISBN 8171003338 :
040 ## - CATALOGING SOURCE (பட்டியலாக்க மூலம்)
Original cataloging agency DLC
Transcribing agency DLC
Modifying agency DLC
082 ## - DDC Classification
DDC Edition Number 22
Class No. 320.
Item Number - Author Mark GAN.
100 1# - MAIN ENTRY--PERSONAL NAME
Personal name Mukherjee, Subrata,
245 10 - TITLE STATEMENT
Title Gandhian thought, Marxist interpretation /
Statement of responsibility, etc. Subrata Mukherjee.
260 ## - PUBLICATION, DISTRIBUTION, ETC.
Place of publication, distribution, etc. New Delhi :
Name of publisher, distributor, etc. Deep & Deep Publications,
Date of publication, distribution, etc. 1991.
300 ## - PHYSICAL DESCRIPTION
Extent (e.g. Volumes, Pages etc.) xi, 204 p. ;
500 ## - GENERAL NOTE
General note Includes index.
650 #0 - SUBJECT ADDED ENTRY--TOPICAL TERM
Topical term or geographic name entry element Communism
942 ## - Koha item type (Biblio)
Koha item type Books in Stacks (Lending)
Holdings
Lost status Damaged status Collection code Home library Current library Date acquired Full call number Accession Number Item type
    Lending WERC Library WERC Library 02/19/2024 320. GAN. 563 Books in Stacks (Lending)

© WERC Library